| 000 | 00690cam a22002291 4500 | ||
|---|---|---|---|
| 001 | sa 68003702 | ||
| 003 | DLC | ||
| 005 | 20260227112455.0 | ||
| 008 | 710903s1967 pk b 00010 eng | ||
| 010 | _asa 68003702 | ||
| 025 | _aPL480:P-E-1399 | ||
| 043 | _aa-pk--- | ||
| 050 | 0 |
_aHC440.5 _b.Z7N35 |
|
| 082 | _a338/.09549/18 | ||
| 110 | 1 | 0 |
_aPakistan. _bCentral Statistical Office. |
| 245 | 1 | 0 | _aCensus of establishments, Nawabshah, 1965. |
| 260 | 0 |
_a[Karachi] _bEconomic Affairs Division, Central Statistical Office, Govt. of Pakistan _c[1967] |
|
| 300 |
_avi, 89 p. _bmap. _c25 cm. |
||
| 500 | _aCover title. | ||
| 651 | 0 |
_aNawābshāh _zIndia. |
|
| 651 | 0 |
_aNawābshāh _xCommerce. |
|
| 999 |
_c79680 _d79680 |
||